| 000 | 00748nam a2200229Ia 4500 | ||
|---|---|---|---|
| 003 | GCL | ||
| 008 | 140319s9999 xx 000 0 ara d | ||
| 040 |
_aGCL / _cGCL |
||
| 082 | 0 | 4 |
_a953 _bا ا |
| 100 | 1 | _aالدينورى, ابوحنيفة احمد بن داو | |
| 245 | 1 | 0 |
_aالاخبار الطوال / _cالدينورى, ابوحنيفة احمد بن داو |
| 700 | 1 | _aجمال الدين الشيال | |
| 700 | 1 | _aعبدالمنعم عامر | |
| 300 | _a467 ص | ||
| 490 |
_aتراثنا _v0 |
||
| 650 | 0 | 4 | _aالتاريخ الاسلامى |
| 650 | 0 | 4 | _aالدولة العباسية |
| 650 | 0 | 4 | _aصدر الاسلام |
| 650 | 0 | 4 | _aفتح خرسان |
| 650 | 0 | 4 | _aالعالم العربى - تاريخ |
| 942 |
_2ddc _cBK |
||
| 999 |
_c51747 _d51747 |
||